Veteris Ecclesiae, Martyrvm Inprimis Et Ss. Patrvm Ars Bene Moriendi, Variis Circa Aegrotos Sacris Antiqvitatibvs, Et Morientivm Dictis Factisqve

Podrobná bibliografia
Hlavný autor: Hildebrand, Joachim, 1623-1691 (Autor)
Korporatívny autor: Hamm, Hermann Daniel (Helmstedt, Nemecko) (Tlačiar)
Ďalší autori: Hamm, Hermann Daniel, zomrel 1723 (Tlačiar)
Médium: Kniha
Jazyk:latinčina
Fyzický popis:[8], 232, [16] strán 21 cm
Vydavateľské údaje: Helmstadii Typis Et Svmtibvs Hermann. Daniel. Hammii. Acad. Typogr. Anno M DCC XIX [=1719]
Vydanie:Editio secvnda
Predmet:

MARC

LEADER 00000nam a2200000 a 4500
001 vtls011749965
003 SK-MaSNL
005 20260302054212.0
008 251112s1719 gw 001 0 lat
015 |a SNBHFA1719 
035 |a urn:nbn:sk:snk-am00dwy0 
035 |a urn:nbn:sk:snk-am3i83e 
035 |a E625E80A-F04C-43C7-97A9-92C671B2223C 
040 |a SNKHF  |b slo  |c SNK  |e AACR2 
041 0 |a lat 
044 |a gw  |c DE 
072 7 |a 2  |x Náboženstvo  |2 konspekt 
072 7 |a 27  |x Kresťanstvo. Kresťanská cirkev všeobecne. Ekleziológia  |2 konspekt 
080 |a 21/29-1/-9  |2 2011 
080 |a 27  |2 2011 
080 |a 2-34  |2 2001 
080 |a 930.85(37/38)  |2 2011 
080 |a 2-1  |2 2011 
100 1 |a Hildebrand, Joachim,  |d 1623-1691  |4 aut  |9 351981 
245 1 0 |a Veteris Ecclesiae, Martyrvm Inprimis Et Ss. Patrvm Ars Bene Moriendi, Variis Circa Aegrotos Sacris Antiqvitatibvs, Et Morientivm Dictis Factisqve  |c Ioachimo Hildebrando S. Theol. D. [...] 
250 |a Editio secvnda 
260 |a Helmstadii  |b Typis Et Svmtibvs Hermann. Daniel. Hammii. Acad. Typogr.  |c Anno M DCC XIX [=1719] 
300 |a [8], 232, [16] strán  |c 21 cm 
500 |a Typografické linky, iniciálky na 2-4 r. bez pozadia, kustódy 
501 |a Príväzok 1. k: THAMER, Johann Heinrich.Io. Heinrici Thameri Aqvisgrano-Ivliaci Schediasma De Origine Et Dignitate Pericoparvm Qvae Evangelia Et Epistolae Vvlgo Vocantvr Atqve Diebvs Dominicis, Festis Apostolorvmqve Sanctorvm Memoriae Sacris, Concionibvs Praelegvntvr Et Explicantvr. Ienae : Impensis Francisci Bortoletti, M DCC XXXIV [=1734].  |5 SNK IC 143985 
504 |a Index použitých prameňov a literatúry 
508 |a Dedikácia: Principi Ac Domino, Dn. Christiano Lvdovico Dvci Brvndvic. Et Lvnebvrgensi Principi [...] 
546 |a Latinčina  |b Antikva  |b Kurzíva 
561 |a Z knižnice Učenej spoločnosti malohontskej.  |5 SNK IC 143985/prív.1 
563 |a Kožená väzba so zlatou slepotlačou.  |5 SNK IC 143985/prív.1 
650 0 7 |a mučeníci  |2 SNKPH  |9 3419 
650 0 7 |a antika  |2 SNKPH  |9 18862 
650 0 7 |a teológia  |2 SNKPH  |9 1814 
700 0 |a Christian Ludwig  |c vojvoda brunswicko-luneburgský,  |d 1622-1665  |4 hnr  |9 713138 
700 1 |a Hamm, Hermann Daniel,  |d zomrel 1723  |4 prt  |9 192255 
710 2 |a Učená spoločnosť malohontská  |4 fmo  |9 205374 
710 0 |a Hamm, Hermann Daniel (Helmstedt, Nemecko)  |4 prt  |9 192256 
752 |a Nemecko  |d Helmstedt 
852 |a snk  |b Historické fondy  |p IC 143985/prív.1 
958 |a ONDV 
999 |c 1112413  |d 1114343 
952 |t MHC II.B.e.XIV  |a SNK  |b SNK  |c SNK_HF  |y PREZ  |7 0  |p 17A1300300  |o snkIC 143985/prív.1  |i snk2018/8107  |8 5  |0 0  |1 0  |4 0  |d 2018-04-09  |f 1  |l 0  |r 2026-02-24 18:05:34  |w 2026-02-24